000 00458nam a2200169Ia 4500
005 20250923150251.0
008 008 250917s9999 xx 000 0 eng d
037 _aTextual
040 _aDSWL
_beng
_cDSWL
041 _aeng
_2eng
084 _aY:1x, P8
_qDSWL
245 0 _aCultural studies: An anthology
_cEd.by M RYAN
260 _aUSA
_bBlackwell
_c2008
300 _a1352 p.
942 _cTEXL
_hY:1x, P8
999 _c1461471
_d1461471